000 00343nam a2200145Ia 4500
008 230718s9999 xx 000 0 und d
041 _aEng.
082 _a338.521
_bGHA-T
100 _aGhaman, Muhammed bewed
245 4 _athe limitation Ace
260 _aPakistan
_blaw beck brotings
_c2006
300 _a106
650 _aLaw
999 _c28955
_d28955